[Event "Landesklasse West 2016/2017"]
[Site "?"]
[Date "2016.09.25"]
[Round "1"]
[White "Rosenberg, Erik"]
[Black "Meysing, Gerhard"]
[Result "1/2-1/2"]
[WhiteElo "1645"]
[BlackElo "1508"]
[PlyCount "90"]
[EventDate "2016.??.??"]
[WhiteTeam "ESV Lok Meiningen"]
[BlackTeam "Schachclub Rochade Leinefelde"]

1. d4 d5 2. c4 dxc4 3. e3 Nf6 4. Bxc4 e6 5. Nf3 Bb4+ 6. Bd2 Bxd2+ 7. Qxd2 O-O
8. O-O b6 9. Nc3 Ba6 10. Bxa6 Nxa6 11. a3 c5 12. Qe2 cxd4 13. Nxd4 Nc5 14. Rfd1
Qc7 15. Rac1 Qb7 16. b4 Nce4 17. Nxe4 Qxe4 18. Qc2 Qxc2 19. Rxc2 Rfd8 20. Rdc1
h6 21. h3 Rd7 22. Rc7 Rad8 23. Rxd7 Rxd7 24. b5 Nd5 25. Nc6 Ne7 26. Nd4 Kf8 27.
Kf1 Ke8 28. Ke2 Kd8 29. a4 Rc7 30. Rxc7 Kxc7 31. e4 Kd6 32. Kd3 Kc5 33. f4 Kb4
34. Nc6+ Kxa4 35. Nxe7 Kxb5 36. Kc3 a5 37. Kb3 Kc5 38. Nc8 b5 39. e5 Kd4 40.
Nd6 Kc5 41. Nxf7 Kd5 42. Nd6 g5 43. g3 gxf4 44. gxf4 h5 45. h4 Kd4 1/2-1/2

[Event "Landesklasse West 2016/2017"]
[Site "?"]
[Date "2016.09.25"]
[Round "1"]
[White "Stöber, Guido"]
[Black "Grube, Paul"]
[Result "1-0"]
[WhiteElo "1353"]
[BlackElo "1120"]
[PlyCount "75"]
[EventDate "2016.??.??"]
[WhiteTeam "Schachclub Rochade Leinefelde"]
[BlackTeam "ESV Lok Meiningen"]

1. e4 e5 2. Nf3 Nc6 3. Bc4 Bc5 4. c3 Nf6 5. d4 exd4 6. cxd4 Bb4+ 7. Nc3 Nxe4 8.
Qe2 d5 9. Bd3 Bxc3+ 10. bxc3 Bf5 11. O-O O-O 12. Bb2 Nf6 13. Bxf5 Re8 14. Qc2
g6 15. Bd3 Qd6 16. Rfe1 Re7 17. Rxe7 Qxe7 18. Re1 Qd6 19. Qb3 b6 20. Qa3 Qd7
21. Bb5 Re8 22. Rxe8+ Qxe8 23. Qa4 Ng4 24. h3 Nf6 25. Bxc6 Qe6 26. Ne5 a5 27.
Bd7 Qe7 28. Qc6 Nxd7 29. Qxd7 Qf6 30. Qxd5 Kg7 31. Ba3 Qg5 32. Qxf7+ Kh6 33.
Ng4+ Qxg4 34. hxg4 Kg5 35. f3 Kh6 36. Bf8+ Kg5 37. g3 c5 38. Qf4# 1-0

[Event "Thüringenliga 2016/2017"]
[Site "?"]
[Date "2016.09.25"]
[Round "1"]
[White "Pähtz, Thomas"]
[Black "Steinacker, Alex"]
[Result "1/2-1/2"]
[WhiteElo "2284"]
[BlackElo "2220"]
[PlyCount "74"]
[EventDate "2016.??.??"]
[WhiteTeam "Ilmenauer SV"]
[BlackTeam "Erfurter Schachklub"]

1. e4 c5 2. Nf3 b6 3. d4 cxd4 4. Nxd4 Bb7 5. Nc3 a6 6. Bd3 g6 7. Be3 Bg7 8. O-O
d6 9. Qd2 Nd7 10. h3 Ngf6 11. Bh6 O-O 12. Bxg7 Kxg7 13. f4 b5 14. a3 Qb6 15.
Qf2 e5 16. Nb3 Rac8 17. Rae1 Qxf2+ 18. Rxf2 exf4 19. Rxf4 Rfe8 20. Ref1 Re5 21.
Nd2 Re7 22. g4 d5 23. exd5 Nxd5 24. Nxd5 Bxd5 25. Rd4 Ba8 26. Ne4 Ne5 27. a4
Nc6 28. Rd6 Nb4 29. Nc3 Nxd3 30. cxd3 Re3 31. Ne4 Bxe4 32. dxe4 Rc2 33. Rd7
Rg3+ 34. Kh1 Rxh3+ 35. Kg1 Rg3+ 36. Kh1 Rxb2 37. g5 Rh3+ 1/2-1/2

[Event "Thüringenliga 2016/2017"]
[Site "?"]
[Date "2016.09.25"]
[Round "1"]
[White "Casper, Thomas"]
[Black "Zehnter, Sebastian"]
[Result "1/2-1/2"]
[WhiteElo "2317"]
[BlackElo "2189"]
[PlyCount "36"]
[EventDate "2016.??.??"]
[WhiteTeam "Erfurter Schachklub"]
[BlackTeam "Ilmenauer SV"]

1. e4 e5 2. Bc4 Nf6 3. d3 Nc6 4. Nc3 Na5 5. Nge2 c6 6. Bb3 Nxb3 7. axb3 d5 8.
O-O Be7 9. Ng3 Be6 10. h3 dxe4 11. dxe4 Qxd1 12. Rxd1 g6 13. Be3 a6 14. Na4 Nd7
15. Nb6 Nxb6 16. Bxb6 Bd8 17. Bc5 Be7 18. Bb6 Bd8 1/2-1/2

[Event "Thüringenliga 2016/2017"]
[Site "?"]
[Date "2016.09.25"]
[Round "1"]
[White "Mehlhorn, Uwe"]
[Black "Krüger, Rainer"]
[Result "0-1"]
[WhiteElo "2126"]
[BlackElo "2071"]
[PlyCount "74"]
[EventDate "2016.??.??"]
[WhiteTeam "Ilmenauer SV"]
[BlackTeam "Erfurter Schachklub"]

1. b4 e5 2. Bb2 Bxb4 3. Bxe5 Nf6 4. e3 O-O 5. Nf3 Re8 6. Be2 d5 7. O-O c5 8.
Bb2 Nc6 9. d3 b5 10. a4 bxa4 11. c3 Ba5 12. Ba3 Bb6 13. Qxa4 Bd7 14. Qc2 Rc8
15. Nbd2 Bf5 16. Qa2 h6 17. Rfe1 d4 18. exd4 Nd5 19. Nc4 Nxc3 20. Qd2 Nxe2+ 21.
Rxe2 Rxe2 22. Qxe2 Nxd4 23. Nxd4 Qxd4 24. Bb2 Bxd3 25. Qe5 Qxe5 26. Nxe5 c4 27.
Rc1 Rc5 28. g3 f6 29. Ng4 Rb5 30. Bc3 a5 31. Ne3 a4 32. Ra1 Rb3 33. Nd5 Bc5 34.
Re1 a3 35. h4 a2 36. Re8+ Kf7 37. Ra8 Be4 0-1

[Event "Thüringenliga 2016/2017"]
[Site "?"]
[Date "2016.09.25"]
[Round "1"]
[White "Rüther, Rudolf"]
[Black "Töpfer, Albrecht"]
[Result "1-0"]
[WhiteElo "2030"]
[BlackElo "1989"]
[PlyCount "57"]
[EventDate "2016.??.??"]
[WhiteTeam "Erfurter Schachklub"]
[BlackTeam "Ilmenauer SV"]

1. d4 Nf6 2. c4 g6 3. Nc3 Bg7 4. e4 d6 5. f3 O-O 6. Be3 c5 7. d5 e6 8. Qd2 exd5
9. cxd5 Re8 10. Nge2 Na6 11. Ng3 Nc7 12. Be2 a6 13. O-O b5 14. Rae1 h5 15. Bg5
b4 16. Nd1 Nb5 17. Bc4 Bd7 18. f4 h4 19. Nh1 Qb6 20. e5 Nh7 21. e6 fxe6 22.
dxe6 Bd4+ 23. Qxd4 Nxd4 24. exd7+ Re6 25. Bxe6+ Nxe6 26. Rxe6 c4+ 27. Nhf2 Rf8
28. Re8 Nxg5 29. fxg5 1-0

[Event "Thüringenliga 2016/2017"]
[Site "?"]
[Date "2016.09.25"]
[Round "1"]
[White "Rempel, Patrick"]
[Black "Duzy, Stefan"]
[Result "1/2-1/2"]
[WhiteElo "2008"]
[BlackElo "1886"]
[PlyCount "40"]
[EventDate "2016.??.??"]
[WhiteTeam "Ilmenauer SV"]
[BlackTeam "Erfurter Schachklub"]

1. e4 c5 2. Nf3 d6 3. d4 cxd4 4. Nxd4 Nf6 5. Nc3 g6 6. Be3 Bg7 7. Bc4 O-O 8. f3
Nc6 9. Qd2 Bd7 10. O-O-O Rc8 11. Bb3 Ne5 12. h4 Nc4 13. Bxc4 Rxc4 14. g4 Qa5
15. Kb1 Rfc8 16. h5 Rxc3 17. bxc3 Bxg4 18. hxg6 hxg6 19. Bh6 Be6 20. Nb3 Qxc3
1/2-1/2

[Event "Thüringenliga 2016/2017"]
[Site "?"]
[Date "2016.09.25"]
[Round "1"]
[White "Fischer, Dieter"]
[Black "Schenk, Stefan"]
[Result "1/2-1/2"]
[WhiteElo "1901"]
[BlackElo "1906"]
[PlyCount "59"]
[EventDate "2016.??.??"]
[WhiteTeam "Erfurter Schachklub"]
[BlackTeam "Ilmenauer SV"]

1. e4 c5 2. Nc3 d6 3. f4 g6 4. Nf3 Bg7 5. Bc4 Nf6 6. d3 Nc6 7. O-O e6 8. Qe1
O-O 9. Qh4 Nd4 10. Nxd4 cxd4 11. Ne2 d5 12. exd5 Nxd5 13. Qf2 Ne3 14. Bxe3 dxe3
15. Qxe3 Bxb2 16. Rab1 Bg7 17. c3 b6 18. d4 Bb7 19. Rfd1 Rc8 20. Qd3 Qc7 21.
Ba6 Bxa6 22. Qxa6 Qc4 23. Qxc4 Rxc4 24. Kf2 Rfc8 25. Rb3 Ra4 26. Rd2 Bh6 27.
Kf3 g5 28. g3 gxf4 29. gxf4 Rac4 30. Rd3 1/2-1/2

[Event "Thüringenliga 2016/2017"]
[Site "?"]
[Date "2016.09.25"]
[Round "1"]
[White "Schneider, Christian"]
[Black "Recknagel, Michael"]
[Result "1/2-1/2"]
[WhiteElo "2208"]
[BlackElo "2180"]
[PlyCount "56"]
[EventDate "2016.??.??"]
[WhiteTeam "SG Blau-Weiß Stadtilm"]
[BlackTeam "SC Suhl"]

1. e4 c5 2. Nf3 d6 3. d4 cxd4 4. Nxd4 Nf6 5. Nc3 a6 6. Bc4 e6 7. Bb3 Be7 8. O-O
O-O 9. Qf3 Nbd7 10. Qg3 Nc5 11. Bh6 Ne8 12. Be3 Nf6 13. f3 Qc7 14. Rad1 Rd8 15.
Qf2 b6 16. a4 Bb7 17. Ba2 d5 18. exd5 Bxd5 19. Nxd5 Nxd5 20. Bxd5 Rxd5 21. c4
Rd7 22. Qc2 Rad8 23. b4 Nb7 24. b5 axb5 25. Nxb5 Qc6 26. Na7 Qc7 27. Nb5 Qc6
28. Na7 Qc7 1/2-1/2

[Event "Thüringenliga 2016/2017"]
[Site "?"]
[Date "2016.09.25"]
[Round "1"]
[White "Feld-Gerdes, Wolfgang"]
[Black "George, Tom"]
[Result "1-0"]
[WhiteElo "2034"]
[BlackElo "2182"]
[PlyCount "77"]
[EventDate "2016.??.??"]
[WhiteTeam "SC Suhl"]
[BlackTeam "SG Blau-Weiß Stadtilm"]

1. d4 Nf6 2. c4 e6 3. Nf3 d5 4. Nc3 c6 5. Bg5 h6 6. Bxf6 Qxf6 7. e3 Nd7 8. Be2
g6 9. O-O Bg7 10. e4 dxc4 11. e5 Qe7 12. Nd2 O-O 13. Nxc4 Rd8 14. f4 Nb6 15.
Nd6 Rxd6 16. exd6 Qxd6 17. Kh1 Bxd4 18. Qb3 Nd5 19. Nxd5 exd5 20. Rad1 Bf6 21.
Bd3 b6 22. Qc2 Kg7 23. b3 Bd7 24. Qf2 c5 25. Qg3 Bc6 26. Rfe1 b5 27. Qg4 a5 28.
Bxg6 fxg6 29. f5 Be8 30. Re6 Qd7 31. Rde1 g5 32. Rxf6 Kxf6 33. Re6+ Kg7 34. Qh3
h5 35. Qe3 Qd8 36. Qe5+ Kg8 37. Rh6 Kf8 38. Rh8+ Kf7 39. Rh7+ 1-0

[Event "Thüringenliga 2016/2017"]
[Site "?"]
[Date "2016.09.25"]
[Round "1"]
[White "Siebarth, Raiko"]
[Black "Silberschlag, Jörg"]
[Result "1-0"]
[WhiteElo "2199"]
[BlackElo "2060"]
[PlyCount "63"]
[EventDate "2016.??.??"]
[WhiteTeam "SG Blau-Weiß Stadtilm"]
[BlackTeam "SC Suhl"]

1. e4 c5 2. Nc3 d6 3. Nge2 e5 4. g3 Nf6 5. Bg2 Be7 6. O-O O-O 7. h3 Bd7 8. a4
Nc6 9. d3 Nb4 10. f4 Bc6 11. g4 Ne8 12. Nd5 Bxd5 13. exd5 Nc7 14. c4 Rb8 15.
Nc3 a6 16. fxe5 dxe5 17. Ne4 Ne8 18. Be3 b6 19. Qd2 Nd6 20. Ng3 Qc7 21. b3 f6
22. Nf5 Nxf5 23. Rxf5 Bd6 24. Be4 g6 25. Rf3 Be7 26. Bh6 Rf7 27. Raf1 Qd6 28.
h4 a5 29. h5 gxh5 30. g5 Kh8 31. Kh1 Rg8 32. Qh2 1-0

[Event "Thüringenliga 2016/2017"]
[Site "?"]
[Date "2016.09.25"]
[Round "1"]
[White "Berghof, Axel"]
[Black "Werner, Justus"]
[Result "1-0"]
[WhiteElo "2026"]
[BlackElo "1913"]
[PlyCount "65"]
[EventDate "2016.??.??"]
[WhiteTeam "SC Suhl"]
[BlackTeam "SG Blau-Weiß Stadtilm"]

1. e4 c5 2. b4 cxb4 3. a3 d5 4. e5 Nc6 5. d4 Qb6 6. Nf3 Bg4 7. Be3 Qa5 8. Qd2
Bxf3 9. gxf3 Rc8 10. Bd3 e6 11. O-O Nh6 12. Kh1 Nf5 13. Bxf5 exf5 14. Qd3 g6
15. Nd2 bxa3 16. c3 Nd8 17. Rfc1 Ne6 18. f4 b5 19. Nf1 Be7 20. Bd2 Qb6 21. Qf3
Qc6 22. Ne3 Kd7 23. Qxd5+ Qxd5+ 24. Nxd5 Rhe8 25. Nxe7 Rxe7 26. d5 Nc5 27. Rxa3
a6 28. c4 Na4 29. Bb4 Ree8 30. c5 Kc7 31. Ba5+ Kb8 32. c6 f6 33. d6 1-0

[Event "Thüringenliga 2016/2017"]
[Site "?"]
[Date "2016.09.25"]
[Round "1"]
[White "Siebarth, Marco"]
[Black "Eichelmann, Andre"]
[Result "1-0"]
[WhiteElo "1992"]
[BlackElo "1910"]
[PlyCount "83"]
[EventDate "2016.??.??"]
[WhiteTeam "SG Blau-Weiß Stadtilm"]
[BlackTeam "SC Suhl"]

1. e4 d6 2. d4 g6 3. Nc3 Bg7 4. f4 a6 5. Nf3 Bg4 6. Be3 Nd7 7. h3 Bxf3 8. Qxf3
c5 9. O-O-O Qa5 10. e5 cxd4 11. Bxd4 dxe5 12. Qxb7 Rd8 13. fxe5 Bxe5 14. Qxa6
Bf4+ 15. Kb1 Qxa6 16. Bxa6 e5 17. Bf2 Ngf6 18. Rhe1 O-O 19. Bb5 Rfe8 20. Bh4 g5
21. Bf2 e4 22. Bxd7 Rxd7 23. Rxd7 Nxd7 24. Rxe4 Rb8 25. Nd5 Be5 26. b4 Kf8 27.
g4 Bg7 28. a3 Rd8 29. Bg3 Nf6 30. Nxf6 Rd1+ 31. Ka2 Bxf6 32. Be1 Kg7 33. c4 Rd3
34. c5 Rxh3 35. b5 Rh2+ 36. Kb3 h5 37. gxh5 Rh3+ 38. Ka4 Bb2 39. Bb4 f5 40.
Re7+ Kf6 41. c6 Bc3 42. Re8 1-0

[Event "Thüringenliga 2016/2017"]
[Site "?"]
[Date "2016.09.25"]
[Round "1"]
[White "Müller, Bernd"]
[Black "Berner, Stephan"]
[Result "0-1"]
[WhiteElo "1748"]
[BlackElo "1886"]
[PlyCount "116"]
[EventDate "2016.??.??"]
[WhiteTeam "SC Suhl"]
[BlackTeam "SG Blau-Weiß Stadtilm"]

1. e4 c6 2. d4 d5 3. e5 Bf5 4. h4 h5 5. Ne2 e6 6. Ng3 Bg6 7. Be2 c5 8. c3 Nc6
9. Bxh5 Bxh5 10. Nxh5 cxd4 11. f4 g6 12. Ng3 Rxh4 13. cxd4 Rxh1+ 14. Nxh1 Qh4+
15. Nf2 Nh6 16. Qd3 Ng4 17. Be3 Nxf2 18. Bxf2 Qxf4 19. Nd2 Bb4 20. g3 Bxd2+ 21.
Qxd2 Qe4+ 22. Qe3 Qxe3+ 23. Bxe3 Nb4 24. Ke2 Rc8 25. a3 Rc2+ 26. Kd1 Rh2 27.
Rc1 Nc6 28. b4 a6 29. Rc3 Kd7 30. g4 Rg2 31. g5 Kc7 32. Bd2 Rg4 33. Rf3 Nd8 34.
Be3 Rg2 35. Bd2 Rg4 36. Be3 Kb6 37. Kc2 Rh4 38. Kc3 Rh7 39. Kb3 Nc6 40. a4 Ne7
41. Kc3 Nf5 42. Kd3 Rh1 43. Bd2 Rh4 44. Bf4 Rh8 45. Bd2 Kc6 46. Bc1 Rh1 47. Bd2
b6 48. Bc3 Rd1+ 49. Bd2 Kd7 50. Rf4 Ke7 51. Rf3 Nxd4 52. Rf2 Nc6 53. Kc2 Rg1
54. b5 axb5 55. axb5 Nxe5 56. Bb4+ Kd7 57. Re2 Rxg5 58. Bc3 Nc4 0-1

[Event "Thüringenliga 2016/2017"]
[Site "?"]
[Date "2016.09.25"]
[Round "1"]
[White "Schröter, Maik"]
[Black "Koch, Stefan"]
[Result "1-0"]
[WhiteElo "1816"]
[BlackElo "1926"]
[PlyCount "113"]
[EventDate "2016.??.??"]
[WhiteTeam "SG Blau-Weiß Stadtilm"]
[BlackTeam "SC Suhl"]

1. e4 d5 2. exd5 Qxd5 3. Nc3 Qd6 4. d4 Nf6 5. Nf3 Bg4 6. h3 Bxf3 7. Qxf3 c6 8.
Bf4 Qd8 9. O-O-O e6 10. g4 Be7 11. Bd3 Nd5 12. Nxd5 cxd5 13. Bxb8 Rxb8 14. Bb5+
Kf8 15. Rhe1 Qb6 16. Bd7 Kg8 17. Re2 Rd8 18. Ba4 Bg5+ 19. Kb1 Qd6 20. Qd3 a6
21. Rh1 Be7 22. Rf1 Qf4 23. Qe3 Bg5 24. Qxf4 Bxf4 25. h4 h5 26. g5 g6 27. c3
Kg7 28. Rfe1 Rd6 29. Rh1 b5 30. Bc2 Rb6 31. Rh3 Rhb8 32. Rf3 Bc7 33. Kc1 a5 34.
Kd2 Bd8 35. Rd3 Rc8 36. Bb3 a4 37. Bd1 Rbc6 38. Ke3 Ba5 39. a3 Rf8 40. f4 f6
41. Rf2 Bb6 42. Rf3 fxg5 43. fxg5 e5 44. Rxf8 Kxf8 45. Rd2 Ke7 46. Be2 exd4+
47. cxd4 Ba5 48. Rd1 b4 49. axb4 Bxb4 50. Ra1 a3 51. bxa3 Rc3+ 52. Bd3 Bxa3 53.
Kd2 Rb3 54. Kc2 Rb2+ 55. Kc3 Rh2 56. Rxa3 Rxh4 57. Ra7+ 1-0

[Event "Thüringenliga 2016/2017"]
[Site "?"]
[Date "2016.09.25"]
[Round "1"]
[White "Will, Ralph"]
[Black "Schmidt, Daniel"]
[Result "1/2-1/2"]
[WhiteElo "1752"]
[BlackElo "1811"]
[PlyCount "140"]
[EventDate "2016.??.??"]
[WhiteTeam "SC Suhl"]
[BlackTeam "SG Blau-Weiß Stadtilm"]

1. d4 Nf6 2. c4 g6 3. Nf3 Bg7 4. g3 O-O 5. Bg2 d6 6. O-O Nc6 7. Nc3 a6 8. a3
Rb8 9. Qd3 e5 10. Bg5 h6 11. Bxf6 Bxf6 12. dxe5 Nxe5 13. Nxe5 Bxe5 14. Rac1 Be6
15. b4 b6 16. Nd5 Qd7 17. Qe3 Bg7 18. Qd3 c5 19. Rfd1 Rfd8 20. Qf3 Bxd5 21.
Rxd5 Qa4 22. Qd3 cxb4 23. axb4 Qxb4 24. Rb1 Qc3 25. Qd1 Qf6 26. Qa4 a5 27. Rd3
Qe7 28. Qc2 Qc7 29. Qa4 Bf8 30. Bd5 Kh7 31. Rf3 Rd7 32. e4 Re7 33. Rfb3 Bg7 34.
Rb5 Bd4 35. Qb3 Ree8 36. Kg2 Rf8 37. Qd1 Bc5 38. R5b2 Qe7 39. Re2 Rbd8 40. Qc2
Qc7 41. Qb2 f6 42. Rf1 Qg7 43. f4 Rde8 44. f5 g5 45. Qb5 Re7 46. g4 Ra7 47. Ra2
Qd7 48. Bc6 Qe7 49. Qb3 Rc7 50. Bd5 Rb8 51. Rd2 Qe8 52. Rb1 a4 53. Qd1 Ra7 54.
Ra2 a3 55. Rb3 Qe5 56. Qe2 Qd4 57. Rd3 Qg1+ 58. Kh3 Qc1 59. Kg2 Qg1+ 60. Kh3
Qc1 61. Qf3 Qf4 62. Qxf4 gxf4 63. Kg2 b5 64. cxb5 Rxb5 65. Kf3 Rb2 66. Kxf4
Rxa2 67. Bxa2 Rb7 68. Rb3 Rxb3 69. Bxb3 Bd4 70. h3 Be5+ 1/2-1/2

[Event "Thüringenliga 2016/2017"]
[Site "?"]
[Date "2016.09.25"]
[Round "1"]
[White "Gerhardt, Frank"]
[Black "Wegerich, Michael"]
[Result "1/2-1/2"]
[WhiteElo "2068"]
[BlackElo "1969"]
[PlyCount "40"]
[EventDate "2016.??.??"]
[WhiteTeam "SV 1861 Liebschwitz"]
[BlackTeam "SV Ammern"]

1. e4 c5 2. Nf3 e6 3. d4 cxd4 4. Nxd4 a6 5. c4 Nf6 6. Bd3 Nc6 7. Nxc6 dxc6 8.
O-O e5 9. h3 Be7 10. Be3 Qc7 11. Qe2 Be6 12. Nd2 Nd7 13. Rac1 Bc5 14. a3 a5 15.
Rfd1 O-O 16. Nf3 h6 17. Bb1 Bxe3 18. Qxe3 c5 19. Qc3 f6 20. Bc2 Rfd8 1/2-1/2

[Event "Thüringenliga 2016/2017"]
[Site "?"]
[Date "2016.09.25"]
[Round "1"]
[White "Schorch, Rüdiger"]
[Black "Hermannsdörfer, Frank"]
[Result "1/2-1/2"]
[WhiteElo "1926"]
[BlackElo "2119"]
[PlyCount "90"]
[EventDate "2016.??.??"]
[WhiteTeam "SV Ammern"]
[BlackTeam "SV 1861 Liebschwitz"]

1. c4 b6 2. Nf3 Bb7 3. g3 Bxf3 4. exf3 c5 5. Bg2 Nc6 6. f4 e6 7. Nc3 Nge7 8.
O-O Nf5 9. d3 g6 10. Ne4 Bg7 11. Rb1 O-O 12. a3 Rc8 13. Nc3 Qc7 14. Bd2 Qd6 15.
Be4 Nfe7 16. Nb5 Qb8 17. b4 cxb4 18. axb4 d5 19. Bg2 Rfd8 20. c5 Nf5 21. Qa4
Qa8 22. Be3 a6 23. Na3 b5 24. Qd1 Rb8 25. g4 Nfd4 26. Nc2 Nxc2 27. Qxc2 a5 28.
bxa5 Qxa5 29. Rfd1 Qa4 30. Qe2 Nd4 31. Bxd4 Qxd4 32. Qe3 Rdc8 33. Rdc1 b4 34.
Rb3 Rb5 35. Bf3 Rbxc5 36. Rxc5 Rxc5 37. Qxd4 Bxd4 38. Rxb4 Bc3 39. Rb1 Kg7 40.
Rc1 Kf6 41. h4 e5 42. Bxd5 exf4 43. Kg2 h6 44. Kf3 g5 45. h5 Rc7 1/2-1/2

[Event "Thüringenliga 2016/2017"]
[Site "?"]
[Date "2016.09.25"]
[Round "1"]
[White "Zeidler, Andreas"]
[Black "Thon, Philipp"]
[Result "1-0"]
[WhiteElo "2118"]
[BlackElo "1783"]
[PlyCount "119"]
[EventDate "2016.??.??"]
[WhiteTeam "SV 1861 Liebschwitz"]
[BlackTeam "SV Ammern"]

1. d4 d5 2. c4 c6 3. Nf3 Nf6 4. Nc3 Bf5 5. cxd5 Nxd5 6. Qb3 Nb6 7. e4 Bg6 8.
Be3 e6 9. Ne5 Bd6 10. Nxg6 hxg6 11. Be2 N8d7 12. h3 Bc7 13. a4 a5 14. O-O-O Qe7
15. Kb1 Qb4 16. Ka2 Nf6 17. Rhf1 O-O 18. g4 Rfe8 19. f4 Nfd7 20. h4 Bd6 21. Rh1
Bf8 22. h5 gxh5 23. Rxh5 g6 24. Rh3 Bg7 25. e5 Nd5 26. Nxd5 exd5 27. f5 Qxb3+
28. Kxb3 Nxe5 29. dxe5 Rxe5 30. fxg6 fxg6 31. Bd3 Re6 32. Rf1 Rae8 33. Bb6 Bf8
34. Bxa5 c5 35. Ka2 c4 36. Bc2 d4 37. Rh2 b5 38. Bd2 b4 39. b3 d3 40. Bb1 Re2
41. Rff2 Rxf2 42. Rxf2 c3 43. Bxd3 cxd2 44. Rxd2 Kg7 45. Kb1 Re3 46. Kc2 Kh6
47. a5 Bc5 48. Bc4 Re7 49. Rd5 Rc7 50. Kd3 Kg7 51. Ke4 Kf6 52. Re5 Ba7 53. Rb5
Bc5 54. Kd5 Be7 55. a6 Rd7+ 56. Kc6 Rd6+ 57. Kb7 Rd7+ 58. Kb8 Bd6+ 59. Kc8 Rc7+
60. Kd8 1-0

[Event "Thüringenliga 2016/2017"]
[Site "?"]
[Date "2016.09.25"]
[Round "1"]
[White "Kampfhenkel, Ulrich"]
[Black "Kastner, Peter"]
[Result "0-1"]
[WhiteElo "1900"]
[BlackElo "1991"]
[PlyCount "120"]
[EventDate "2016.??.??"]
[WhiteTeam "SV Ammern"]
[BlackTeam "SV 1861 Liebschwitz"]

1. e4 c5 2. Nf3 d6 3. d4 cxd4 4. Nxd4 Nf6 5. Nc3 a6 6. Bg5 e6 7. f4 Be7 8. Qf3
Nbd7 9. O-O-O Qc7 10. g4 b5 11. Bxf6 Nxf6 12. g5 Nd7 13. f5 Bxg5+ 14. Kb1 Ne5
15. Qh5 Qe7 16. Nxe6 Bxe6 17. fxe6 g6 18. exf7+ Kxf7 19. Qe2 Kg7 20. Nd5 Qd8
21. Bh3 Rf8 22. Rhf1 Ra7 23. Rxf8 Qxf8 24. Rf1 Rf7 25. Nc7 Rxf1+ 26. Qxf1 Qxf1+
27. Bxf1 Nf3 28. Bg2 Nxh2 29. Nxa6 Bd8 30. Nb8 Kf6 31. Nc6 Bb6 32. c4 bxc4 33.
a4 g5 34. a5 Bc5 35. a6 g4 36. a7 Bxa7 37. Nxa7 Nf3 38. Kc1 Ne1 39. Bf1 g3 40.
Nb5 Ke5 41. Na3 Kxe4 42. Nxc4 d5 43. Nd6+ Kf4 44. Kd2 g2 45. Bxg2 Nxg2 46. b4
Ke5 47. Nf7+ Kd4 48. b5 Kc5 49. Kd3 Nf4+ 50. Ke3 Ne6 51. Kf3 Kxb5 52. Kg4 Kc4
53. Kf5 Nf8 54. Kg5 d4 55. Nd6+ Kd5 56. Nf5 Ke4 57. Nd6+ Kf3 58. Kf5 d3 59. Ne4
Ke3 60. Nc3 Kd2 0-1

[Event "Thüringenliga 2016/2017"]
[Site "?"]
[Date "2016.09.25"]
[Round "1"]
[White "Biel, Maik"]
[Black "Kurze, Christoph"]
[Result "0-1"]
[WhiteElo "1958"]
[BlackElo "1845"]
[PlyCount "70"]
[EventDate "2016.??.??"]
[WhiteTeam "SV 1861 Liebschwitz"]
[BlackTeam "SV Ammern"]

1. d4 d5 2. Nf3 e6 3. c4 Nf6 4. Nc3 c6 5. Bg5 Nbd7 6. e3 Bb4 7. Qc2 Qa5 8. Nd2
Ne4 9. Ndxe4 dxe4 10. Bf4 e5 11. Bg3 O-O 12. c5 b6 13. cxb6 exd4 14. exd4 axb6
15. Bc4 Ba6 16. Bxa6 Qxa6 17. Qe2 Nf6 18. a3 Nd5 19. Qxa6 Rxa6 20. Kd2 Rfa8 21.
Rhe1 f5 22. f3 exf3 23. gxf3 f4 24. Bh4 Bxc3+ 25. bxc3 Rxa3 26. Rxa3 Rxa3 27.
c4 Ne3 28. Rc1 Nf5 29. Bf2 Rxf3 30. Ke2 Rb3 31. d5 f3+ 32. Ke1 cxd5 33. cxd5
Kf7 34. Rc6 b5 35. Bb6 Rd3 0-1

[Event "Thüringenliga 2016/2017"]
[Site "?"]
[Date "2016.09.25"]
[Round "1"]
[White "Breuer, Harald"]
[Black "Ahmed, Daniel"]
[Result "0-1"]
[WhiteElo "1818"]
[BlackElo "1618"]
[PlyCount "78"]
[EventDate "2016.??.??"]
[WhiteTeam "SV Ammern"]
[BlackTeam "SV 1861 Liebschwitz"]

1. e4 d5 2. exd5 Qxd5 3. Nc3 Qa5 4. Nf3 Nf6 5. Be2 Bf5 6. O-O c6 7. d4 e6 8. a3
Nbd7 9. Bf4 Qd8 10. Re1 Nb6 11. h3 Bd6 12. Bxd6 Qxd6 13. Qd2 O-O-O 14. Rad1 Qc7
15. b4 Kb8 16. a4 Rc8 17. Ne5 Rhf8 18. a5 Nbd5 19. Rb1 Nxc3 20. Qxc3 Ne4 21.
Qe3 Qe7 22. Bd3 Nd6 23. Bxf5 Nxf5 24. Qf4 Qd6 25. Nd7+ Kc7 26. Qxd6+ Kxd6 27.
Nxf8 Rxf8 28. Red1 Kd5 29. g4 Nd6 30. f3 Nb5 31. Rd2 Kc4 32. Kf2 Rd8 33. Ke3
Rd5 34. f4 Nxd4 35. Rbd1 Nb5 36. Rxd5 cxd5 37. f5 e5 38. Rb1 d4+ 39. Ke2 Nc3+
0-1

[Event "Thüringenliga 2016/2017"]
[Site "?"]
[Date "2016.09.25"]
[Round "1"]
[White "Weiß, Werner"]
[Black "Salaske, Peter"]
[Result "0-1"]
[WhiteElo "1966"]
[BlackElo "1774"]
[PlyCount "128"]
[EventDate "2016.??.??"]
[WhiteTeam "SV 1861 Liebschwitz"]
[BlackTeam "SV Ammern"]

1. e4 e5 2. Nf3 Nc6 3. d3 d6 4. g3 h6 5. Bg2 Nf6 6. c3 Be7 7. O-O O-O 8. b4 a6
9. a3 Bg4 10. h3 Bd7 11. Re1 Nh7 12. d4 Qc8 13. Kh2 Re8 14. Nbd2 Bf6 15. Bb2
Rb8 16. Qc2 Qd8 17. d5 Ne7 18. c4 g5 19. c5 g4 20. cxd6 cxd6 21. hxg4 Bxg4 22.
Rac1 Rc8 23. Qd3 Qb6 24. Nc4 Qd8 25. Ne3 h5 26. Rxc8 Qxc8 27. Rc1 Qd7 28. Nxg4
hxg4 29. Nd2 Bg5 30. Rc2 b5 31. Nf1 Rc8 32. Rxc8+ Qxc8 33. Qe2 Nf6 34. Ne3 Kg7
35. Qd3 Bxe3 36. Qxe3 Qc2 37. Bc1 Ng6 38. Qh6+ Kg8 39. Qe3 Kg7 40. Kg1 Qb1 41.
Kh2 Qc2 42. Qd2 Qxd2 43. Bxd2 Ne7 44. Be3 Nd7 45. f3 gxf3 46. Bxf3 f5 47. Bg5
Nf6 48. Kh3 fxe4 49. Bxf6+ Kxf6 50. Bxe4 Kg5 51. Kg2 Nc8 52. Kf3 Nb6 53. Bd3
Nxd5 54. Bh7 Nc3 55. Ke3 d5 56. Kd2 d4 57. Kc2 Kg4 58. Bg6 Kxg3 59. Bf5 Kf4 60.
Bc8 e4 61. Bxa6 e3 62. a4 bxa4 63. b5 Nd5 64. Bc8 Ke4 0-1

[Event "Thüringenliga 2016/2017"]
[Site "?"]
[Date "2016.09.25"]
[Round "1"]
[White "Hentrich, Jörg"]
[Black "Müller, Gunther"]
[Result "1-0"]
[WhiteElo "1749"]
[BlackElo "1797"]
[PlyCount "59"]
[EventDate "2016.??.??"]
[WhiteTeam "SV Ammern"]
[BlackTeam "SV 1861 Liebschwitz"]

1. e4 c5 2. d4 cxd4 3. c3 d6 4. cxd4 Nf6 5. Nc3 g6 6. Nf3 Bg7 7. Bc4 O-O 8. O-O
Nc6 9. h3 Nxe4 10. Bxf7+ Rxf7 11. Nxe4 Kh8 12. Neg5 Rf5 13. d5 Ne5 14. Nd4 Rf6
15. f4 Nc4 16. b3 Nb6 17. Nde6 Bxe6 18. dxe6 Qc7 19. Bb2 Rf5 20. Bxg7+ Kxg7 21.
Qd4+ Kg8 22. Rac1 Qb8 23. g4 Rd5 24. Qb2 Qf8 25. Rc7 Rc5 26. Nf7 Qg7 27. Qxg7+
Kxg7 28. Rxe7 Kf6 29. Rxb7 d5 30. Ng5 1-0

[Event "Thüringenliga 2016/2017"]
[Site "?"]
[Date "2016.09.25"]
[Round "1"]
[White "Philipp, Michael"]
[Black "Kölsch, Maximilian"]
[Result "0-1"]
[WhiteElo "2043"]
[BlackElo "2168"]
[PlyCount "50"]
[EventDate "2016.??.??"]
[WhiteTeam "SSV Vimaria 91 Weimar"]
[BlackTeam "SV Schott Jena"]

1. e4 c5 2. c3 d6 3. d4 Nf6 4. Bd3 Nc6 5. Ne2 a6 6. O-O e5 7. f4 cxd4 8. cxd4
Qb6 9. Kh1 exd4 10. Nd2 Be7 11. Nc4 Qc5 12. a3 Bg4 13. e5 dxe5 14. b4 Qd5 15.
fxe5 Nxe5 16. Nb6 Qc6 17. Nxa8 O-O 18. Ra2 Rxa8 19. Bf4 Qd5 20. Rc2 Nxd3 21.
Rd2 Nxf4 22. Rxf4 d3 23. Rxd3 Qe5 24. Rf2 Ne4 25. Rf1 Bxe2 0-1

[Event "Thüringenliga 2016/2017"]
[Site "?"]
[Date "2016.09.25"]
[Round "1"]
[White "Darr, Sascha"]
[Black "Mysliwiec, Jörg"]
[Result "1-0"]
[WhiteElo "2065"]
[BlackElo "2054"]
[PlyCount "51"]
[EventDate "2016.??.??"]
[WhiteTeam "SV Schott Jena"]
[BlackTeam "SSV Vimaria 91 Weimar"]

1. e4 c6 2. d4 d5 3. exd5 cxd5 4. Nf3 Nc6 5. c4 Nf6 6. Nc3 e6 7. Bg5 Be7 8. Bd3
dxc4 9. Bxc4 O-O 10. O-O b6 11. Re1 Bb7 12. Rc1 Rc8 13. Bd3 h6 14. Bf4 Re8 15.
Bb1 Bf8 16. Qd2 a6 17. Red1 Nb4 18. Qe2 b5 19. Bg3 Nbd5 20. Ne5 Nxc3 21. Rxc3
Rxc3 22. bxc3 Qa5 23. c4 bxc4 24. Nxc4 Qd5 25. f3 Nd7 26. Be4 1-0